Propuesta de un manual de higiene y seguridad industrial, en la panadería Alburquerque en el municipio de la Trinidad- Estelí

En el presente estudio se propone un manual de higiene y seguridad industrial, para mejorar la organización y prevención de riesgos en la panadería, donde primeramente se presenta un diagnostico donde se refleja los riesgos presente en la panadería. que ayudaran para mejorar en los aspectos la...

Full description

Bibliographic Details
Main Authors: Somoza Salmerón, Hanram Josué, Salinas Mairena, Vilma Lucelia, Acevedo Rocha, Ramón Jhosé
Other Authors: Tutor: Balmaceda Santamaría; Albert L.
Format: Tesis Section = Libro
Language:Undetermined
Spanish
Published: Managua UNI 2020
Subjects:
LEADER 01293nam a2200289Ia 4500
008 240830s9999 xx 000 0 und d
040 |a BIBLIOTECA-RUPAP Mon 363.11 S697 
041 |a spa 
082 |a Mon 363.11 S697 
100 1 |a Somoza Salmerón, Hanram Josué 
100 1 |b  Salinas Mairena, Vilma Lucelia 
100 1 |c  Acevedo Rocha, Ramón Jhosé 
245 1 0 |a Propuesta de un manual de higiene y seguridad industrial, en la panadería Alburquerque en el municipio de la Trinidad- Estelí 
260 |a Managua  |b UNI  |c 2020 
300 |a 142 p. :il. 
500 |a Contiene: anexos y CD. 
502 |a Tesis (Ingeniero Industrial)- UNI, 2020. 
520 3 |a En el presente estudio se propone un manual de higiene y seguridad industrial, para mejorar la organización y prevención de riesgos en la panadería, donde primeramente se presenta un diagnostico donde se refleja los riesgos presente en la panadería. que ayudaran para mejorar en los aspectos laborales de la panadería. 
650 7 |a SEGURIDAD OCUPACIONAL 
650 7 |b SEGURIDAD INDUSTRIAL 
650 7 |c ENFERMEDADES PROFESIONALES 
650 7 |d ACCIDENTES LABORALES 
650 7 |e RIESGOS LABORALES 
700 1 |a Tutor:  |b Balmaceda Santamaría; Albert L. 
942 |c BK  |2 ddc 
991 |a TESIS 
999 |c 15503